000 00371nam a2200133Ia 4500
003 GCL
008 140319s9999 xx 000 0 ara d
040 _aGCL /
_cGCL
082 0 4 _a253
_bع ا
245 1 0 _aاداب المعاملة فى الاسلام
260 _a[S.N] :
_bلجنة الاعلام والدراسات المستقبلية
300 _a182 ص
490 _a
999 _c59119
_d59119